Na Pálavě 40 let

Corporate Author: Palavanka (hudební skupina)
Other Authors: Prajka, Lukáš, Prajka, Marek
Language: Czech
Published: Dolní Bojanovice : Tonstudio Rajchman, 2014
Physical Description: 1 zvuková deska (49:38) : digital ; 12 cm
Audio
Saved in:
LEADER 01872njm a2200445 a 4500
001 001391290
003 CZ BrMZK
005 20201021174322.0
007 sd fungnnmmned
008 140530s2014 xr munng f n cze d
024 3 |a 8595210935522 
028 0 1 |a JR 0355-2  |b Tonstudio Rajchman 
040 |a BOA001  |b cze 
047 |a df  |a wz  |a zz 
048 |b vu  |a of 
072 7 |a 784  |x Vokální hudba  |2 Konspekt  |9 9 
080 |a 784.9.085.2  |2 MRF 
080 |a 784.9.085.2  |2 MRF 
080 |a 78.085.321  |2 MRF 
080 |a (086.76)  |2 MRF 
110 2 |a Palavanka (hudební skupina)  |7 olak2013784060 
245 1 0 |a Na Pálavě  |h [zvukový záznam] :  |b 40 let 
260 |a Dolní Bojanovice :  |b Tonstudio Rajchman,  |c 2014 
300 |a 1 zvuková deska (49:38) :  |b digital ;  |c 12 cm 
306 |a 001938 
500 |a Kompaktní deska 
500 |a Hudba Marek Prajka, Lukáš Prajka a další ; texty Marek Prajka a další 
505 0 0 |t Na Pálavě --  |t Marné hubování --  |t Slunéčko zapadá --  |t Falešná láska --  |t Měl sem milů --  |t Limonádka --  |t Stojí hruška --  |t Můj otčenáš --  |t Pod okénkem petrklíček --  |t Po dědině --  |t Robota, robota --  |t Pod Lanžhotem les černý --  |t Mladá láska --  |t Hallelujah --  |t Směs moravských polek 
511 1 |a Dechová hudba Palavanka 
518 |a Nahráno v Tonstudiu Rajchman v listopadu 2014 
650 0 7 |a polky (zpěv, dechový orchestr)  |7 ph321605  |2 czenas 
650 0 7 |a valčíky (zpěv, dechový orchestr)  |7 ph321673  |2 czenas 
650 0 4 |a tanga (zpěv, dechový orchestr) 
655 7 |a kompaktní desky  |7 fd201991  |2 czenas 
700 1 |a Prajka, Lukáš  |7 jx20140616005  |4 cmp 
700 1 |a Prajka, Marek  |7 jx20140616006  |4 cmp  |4 lyr 
910 |a BOA001  |b CDR-1326.107 
990 |a AV 
991 |b 201406  |g g 
996 6 |b 2610592964  |c CDR-1326.107  |l MZK  |r Sklad / do 24 hodin  |n 0  |p p.v.  |w 001426324  |u 000010  |a 1  |e BOA001  |j MZK50  |s P